|
|
|
|
| LEADER |
00000nam0a2200000 4500 |
| 001 |
212472 |
| 005 |
20231101225747.0 |
| 010 |
|
|
|a 9785953207454
|
| 035 |
|
|
|a (RuTPU)RU\TPU\book\232124
|
| 090 |
|
|
|a 212472
|
| 100 |
|
|
|a 20120327d2011 m y0rusy50 ca
|
| 101 |
0 |
|
|a rus
|
| 102 |
|
|
|a RU
|
| 105 |
|
|
|a a j 001zy
|
| 200 |
1 |
|
|a Практикум по технологии переработки и испытаниям полимеров и композиционных материалов
|e учебное пособие
|f А. Н. Садова [и др.]
|
| 210 |
|
|
|a Москва
|c КолосС
|d 2011
|
| 215 |
|
|
|a 192 с.
|c ил.
|
| 225 |
1 |
|
|a Учебники и учебные пособия для студентов высших учебных заведений
|
| 320 |
|
|
|a Библиогр.: с. 191.
|
| 330 |
|
|
|a Практикум содержит описание лабораторных работ по технологии переработки пластмасс и композиционных материалов. Описанию методик проведения работ предпосланы краткие теоретические преамбулы, содержащие способы расчета технологических параметров каждого из рассматриваемых процессов. Затем следуют описание самой методики проведения работы и анализ качества получаемых изделий. В конце книги приведены вопросы для самостоятельной подготовки студентов. Для студентов вузов, обучающихся по специальности «Технология переработки пластических масс и эластомеров». Может быть полезен также аспирантам и научным работникам, занимающимся переработкой и испытаниями полимеров и композиционных материалов.
|
| 606 |
1 |
|
|a Полимеры
|x Испытание
|x Исследование
|2 stltpush
|3 (RuTPU)RU\TPU\subj\50242
|9 68966
|
| 610 |
1 |
|
|a полимерные расплавы
|
| 610 |
1 |
|
|a реологические свойства
|
| 610 |
1 |
|
|a пластмассы
|
| 610 |
1 |
|
|a технологические свойства
|
| 610 |
1 |
|
|a экструзия
|
| 610 |
1 |
|
|a переработка
|
| 610 |
1 |
|
|a физико-механические свойства
|
| 610 |
1 |
|
|a диэлектрические свойства
|
| 610 |
1 |
|
|a темперетурные характеристики
|
| 610 |
1 |
|
|a безопасность
|
| 610 |
1 |
|
|a техника безопасности
|
| 610 |
1 |
|
|a лабораторные работы
|
| 610 |
1 |
|
|a практикумы
|
| 610 |
1 |
|
|a учебные пособия
|
| 675 |
|
|
|a 678.017(076.5)
|v 3
|
| 701 |
|
1 |
|a Садова
|b А. Н.
|g Алевтина Николаевна
|
| 701 |
|
1 |
|a Бортников
|b В. Г.
|g Владимир Герасимович
|
| 701 |
|
1 |
|a Заикин
|b А. Е.
|g Александр Евгеньевич
|
| 701 |
|
1 |
|a Абзальдинов
|b Х. С.
|g Хайдар Сафович
|
| 701 |
|
1 |
|a Архиреев
|b В. П.
|g Вячеслав Петрович
|
| 801 |
|
1 |
|a RU
|b 63413507
|c 20120327
|
| 801 |
|
2 |
|a RU
|b 63413507
|c 20150710
|g RCR
|
| 900 |
|
|
|a Технология пластических масс
|
| 900 |
|
|
|a Химическая технология полимеров
|
| 900 |
|
|
|a Организация и технология испытаний
|
| 942 |
|
|
|c BK
|
| 951 |
|
|
|b 240100
|
| 959 |
|
|
|a 46/20120327
|d 2
|e 495,00
|f ЧЗТЛ:1
|f АНЛ:1
|